[Event "Titled Tue 20th May Early"]
[Site "chess.com INT"]
[Date "2025.05.20"]
[Round "5"]
[White "Martinez Fernandez, Adrian"]
[Black "Otdelnov, Kirill"]
[Result "0-1"]
[WhiteTitle "IM"]
[BlackTitle "FM"]
[WhiteElo "2404"]
[BlackElo "2273"]
[WhiteFideId "32049048"]
[BlackFideId "24280216"]
[EventDate "2025.05.20"]

1. e4 g6 2. g3 Bg7 3. Bg2 d6 4. c3 c6 5. d3 Nf6 6. Nf3 O-O 7. O-O a5 8. Re1 Na6
9. Nbd2 e5 10. Nf1 Nc5 11. h4 h5 12. Ng5 Bg4 13. f3 Bd7 14. Be3 Qc7 15. Qe2 Rfe8
16. Qf2 Nxd3 17. Qc2 Nxe1 18. Rxe1 d5 19. f4 Ng4 20. exd5 Nxe3 21. Rxe3 exf4 22.
Rf3 Bf5 23. Qb3 a4 24. Qc4 Qb6+ 25. Kh2 cxd5 26. Qxf4 Re7 27. Ne3 Be4 28. Rf2
Bxg2 29. Kxg2 Qxe3 0-1

[Event "Titled Tue 20th May Early"]
[Site "chess.com INT"]
[Date "2025.05.20"]
[Round "5"]
[White "Chogdov, Munkhbat"]
[Black "Mafra, Kaiser Luiz"]
[Result "1-0"]
[WhiteTitle "FM"]
[BlackTitle "CM"]
[WhiteElo "2238"]
[BlackElo "2094"]
[WhiteFideId "13200860"]
[BlackFideId "2106698"]
[EventDate "2025.05.20"]

1. e4 c5 2. Nf3 d6 3. Nc3 Nf6 4. Bc4 e6 5. d3 g6 6. Bg5 Bg7 7. h3 O-O 8. Qd2
Nbd7 9. O-O a6 10. a4 Rb8 11. Rae1 Qc7 12. Bh6 Nb6 13. Ba2 d5 14. a5 Nbd7 15.
Bxg7 Kxg7 16. exd5 exd5 17. Nxd5 Nxd5 18. Bxd5 Nf6 19. Bc4 Qc6 20. Ne5 Qc7 21.
Qf4 b5 22. axb6 Rxb6 23. b3 Nh5 24. Qh4 Bb7 25. Ng4 Qc6 26. f3 f5 27. Re7+ Kh8
28. Ne5 Qf6 29. Qxf6+ Nxf6 30. Re1 Nd5 31. Rxb7 Rxb7 32. Bxd5 Re7 33. Nxg6+ hxg6
34. Rxe7 1-0

[Event "Titled Tue 20th May Early"]
[Site "chess.com INT"]
[Date "2025.05.20"]
[Round "5"]
[White "Dilmukhametov, Artur"]
[Black "Lai, Duc Minh"]
[Result "0-1"]
[WhiteTitle "FM"]
[WhiteElo "2276"]
[BlackElo "2072"]
[WhiteFideId "24179922"]
[BlackFideId "12420387"]
[EventDate "2025.05.20"]

1. d4 f5 2. e4 fxe4 3. Nc3 Nf6 4. f3 d5 5. Bg5 Nc6 6. Bb5 Qd6 7. Bxf6 exf6 8.
fxe4 dxe4 9. Nxe4 Qb4+ 10. Nc3 Qxb2 11. Nge2 Bg4 12. Rb1 Qxc3+ 13. Nxc3 Bxd1 14.
Rxd1 Bb4 15. Rd3 O-O-O 16. Bxc6 bxc6 17. O-O c5 18. dxc5 Rxd3 19. cxd3 Bxc3 20.
Rc1 Bd4+ 21. Kf1 Rd8 22. Ke2 c6 23. Rc4 Rd5 24. Kf3 Bxc5 25. Ke4 Kc7 26. d4 Bd6
27. Ra4 a5 28. Ra3 Bxa3 0-1

[Event "Titled Tue 20th May Early"]
[Site "chess.com INT"]
[Date "2025.05.20"]
[Round "5"]
[White "Vokhidov, Shamsiddin"]
[Black "Mishra, Abhimanyu"]
[Result "1/2-1/2"]
[WhiteTitle "GM"]
[BlackTitle "GM"]
[WhiteElo "2641"]
[BlackElo "2605"]
[WhiteFideId "14204223"]
[BlackFideId "30920019"]
[EventDate "2025.05.20"]

1. e4 e5 2. Nf3 Nc6 3. Bb5 a6 4. Ba4 Nf6 5. O-O b5 6. Bb3 Bc5 7. a4 Rb8 8. c3 d6
9. d4 Bb6 10. Qd3 O-O 11. axb5 axb5 12. Bg5 h6 13. Bxf6 Qxf6 14. Qxb5 Na7 15.
Qd3 Nc6 16. Qb5 Na7 17. Qa4 Rd8 18. Nbd2 Bd7 19. Qa2 exd4 20. cxd4 Nc6 21. e5
dxe5 22. dxe5 Nxe5 23. Nxe5 Qxe5 24. Bxf7+ Kh8 25. Nc4 Qf6 26. Nxb6 Rxb6 27.
Rad1 Rxb2 28. Qd5 Rbb8 29. Qh5 Bg4 30. Qxg4 Qxf7 31. g3 Rxd1 32. Rxd1 Rf8 33.
Qd4 Qf3 34. Re1 Qf6 35. Qc5 Qd6 1/2-1/2

[Event "Titled Tue 20th May Early"]
[Site "chess.com INT"]
[Date "2025.05.20"]
[Round "5"]
[White "Dovgaliuk, Oleksandr"]
[Black "Jake Shanty"]
[Result "1-0"]
[BlackTitle "FM"]
[WhiteElo "2240"]
[BlackElo "2252"]
[WhiteFideId "14167247"]
[BlackFideId "33478066"]
[EventDate "2025.05.20"]

1. e4 c5 2. Nf3 d6 3. d4 cxd4 4. Nxd4 Nf6 5. Nc3 a6 6. Be3 e5 7. Nf3 Be7 8. Bc4
Be6 9. Bxe6 fxe6 10. Ng5 Qd7 11. Qf3 Nc6 12. O-O-O O-O 13. Qh3 Nd8 14. f4 exf4
15. e5 h6 16. Bc5 hxg5 17. exd6 Bxd6 18. Bxd6 g4 19. Qh4 Re8 20. h3 g3 21. Rhe1
Nf7 22. Qxf4 Qc6 23. Qxg3 Rad8 24. Be5 Rxd1+ 25. Nxd1 Nh5 26. Qg4 Nxe5 27. Rxe5
Nf6 28. Qg3 Qd6 29. Rg5 Qe7 30. Nc3 Rd8 31. Rg6 b5 32. a3 Qf7 33. Qg5 Rd7 34. b3 1-0

[Event "Titled Tue 20th May Early"]
[Site "chess.com INT"]
[Date "2025.05.20"]
[Round "5"]
[White "Andriienko, Artom"]
[Black "Shuvalova, Polina"]
[Result "0-1"]
[BlackTitle "IM"]
[WhiteElo "2153"]
[BlackElo "2494"]
[WhiteFideId "34129510"]
[BlackFideId "24171760"]
[EventDate "2025.05.20"]

1. e4 c6 2. Nc3 d5 3. Nf3 Bg4 4. h3 Bxf3 5. Qxf3 e6 6. Be2 Nd7 7. O-O Bc5 8. Qg3
Bd4 9. d3 Ne7 10. Bd1 O-O 11. Ne2 Bb6 12. c3 Ng6 13. Bc2 e5 14. Bg5 Qc7 15. Kh1
dxe4 16. dxe4 h6 17. Be3 Nf6 18. Bxb6 axb6 19. Qf3 Rfd8 20. g3 b5 21. h4 Rd2 22.
Bb3 Qd7 23. Rfd1 Qh3+ 24. Kg1 Nxh4 25. Qh1 Qxh1+ 26. Kxh1 Rxe2 27. gxh4 Nxe4 28.
Re1 Rxe1+ 29. Rxe1 Nxf2+ 30. Kg2 Ng4 31. Kg3 h5 32. Rf1 Rf8 33. Bc2 g6 34. Bd1
Ne3 35. Re1 Nxd1 36. Rxd1 0-1

[Event "Titled Tue 20th May Early"]
[Site "chess.com INT"]
[Date "2025.05.20"]
[Round "5"]
[White "Duarte Cramer, Lily Jeanette"]
[Black "Alvarez Leon, Luis"]
[Result "0-1"]
[WhiteTitle "WCM"]
[BlackTitle "FM"]
[WhiteElo "1828"]
[BlackElo "2178"]
[WhiteFideId "29620180"]
[BlackFideId "3600351"]
[EventDate "2025.05.20"]

1. d4 Nf6 2. c4 g6 3. Nc3 Bg7 4. e4 d6 5. Be2 Nbd7 6. Nf3 O-O 7. Be3 e5 8. d5
Ng4 9. Bg5 Bf6 10. Bxf6 Ngxf6 11. h4 Nh5 12. Ng5 Nf4 13. g3 Nxe2 14. Qxe2 h6 15.
Nf3 a5 16. h5 g5 17. g4 Nc5 18. Nd2 a4 19. f3 c6 20. Kf2 cxd5 21. cxd5 Bd7 22.
b3 Qb6 23. Qe3 Nd3+ 24. Ke2 Nf4+ 25. Kf2 Qa6 26. Nc4 Rfc8 27. Ne2 b5 28. Nd2 Rc2
29. Rac1 Rac8 30. Rxc2 Rxc2 31. Nxf4 gxf4 32. Qd3 axb3 33. axb3 Qa2 34. Rd1 b4
35. Ke1 Rc3 36. Qb1 Qa7 37. Nf1 Bb5 38. Qa1 Qg1 39. Qxc3 bxc3 40. Rc1 Qxf1# 0-1

[Event "Titled Tue 20th May Early"]
[Site "chess.com INT"]
[Date "2025.05.20"]
[Round "5"]
[White "Neustroev, Victor"]
[Black "Przybylski, Bartosz"]
[Result "0-1"]
[WhiteTitle "FM"]
[BlackTitle "CM"]
[WhiteElo "2283"]
[BlackElo "2107"]
[WhiteFideId "4144147"]
[BlackFideId "21878323"]
[EventDate "2025.05.20"]

1. e4 c5 2. Nf3 Nc6 3. d4 cxd4 4. Nxd4 Nf6 5. Nc3 e5 6. Ndb5 d6 7. Bg5 a6 8. Na3
b5 9. Bxf6 gxf6 10. Nd5 Bg7 11. Bd3 Ne7 12. Nxe7 Qxe7 13. O-O f5 14. c4 O-O 15.
cxb5 d5 16. f3 axb5 17. Nxb5 Rb8 18. a4 dxe4 19. fxe4 fxe4 20. Bxe4 f5 21. Bd5+
Kh8 22. Rc1 e4 23. Rc7 Qg5 24. Qc2 Ba6 25. Bc4 Rbd8 26. Qc1 Rd2 27. g3 Bxb5 28.
Bxb5 Qe3+ 29. Kh1 Rfd8 0-1

[Event "Titled Tue 20th May Early"]
[Site "chess.com INT"]
[Date "2025.05.20"]
[Round "5"]
[White "Kravtsiv, Martyn"]
[Black "Grutter, Tim"]
[Result "1-0"]
[WhiteTitle "GM"]
[BlackTitle "IM"]
[WhiteElo "2598"]
[BlackElo "2408"]
[WhiteFideId "14113147"]
[BlackFideId "1057472"]
[EventDate "2025.05.20"]

1. e4 c5 2. Nc3 e6 3. d4 cxd4 4. Qxd4 Nc6 5. Qe3 Nf6 6. Nf3 b6 7. e5 Ng4 8. Qf4
Nh6 9. Bd2 Be7 10. O-O-O O-O 11. Ne4 f6 12. exf6 Bxf6 13. Nxf6+ Qxf6 14. Qxf6
Rxf6 15. Bg5 Rf8 16. Bxh6 gxh6 17. Bd3 Bb7 18. Rhe1 Nb4 19. Be4 d5 20. Bd3 Nxa2+
21. Kb1 Nb4 22. Rxe6 Rae8 23. Rxe8 Rxe8 24. Nd4 Nxd3 25. cxd3 Rf8 26. f3 Rf4 27.
Ne2 Rf7 28. Kc2 Rg7 29. Nf4 Rf7 30. Ne6 Bc8 31. Nd4 Rf4 32. Kc3 Bd7 33. Re1 Rf7
34. Re5 Rg7 35. Rxd5 Kf8 36. g3 Ke7 37. f4 Rg8 38. b4 Rc8+ 39. Kd2 a6 40. Rh5 1-0

[Event "Titled Tue 20th May Early"]
[Site "chess.com INT"]
[Date "2025.05.20"]
[Round "5"]
[White "Maiorov, Nikita1"]
[Black "Nielsen-Refs, Karl-Emil Elmer"]
[Result "1-0"]
[WhiteTitle "GM"]
[BlackTitle "CM"]
[WhiteElo "2472"]
[BlackElo "2095"]
[WhiteFideId "13501720"]
[BlackFideId "1452797"]
[EventDate "2025.05.20"]

1. e4 e6 2. d4 d5 3. Nd2 dxe4 4. Nxe4 Nf6 5. Bg5 Be7 6. Bxf6 Bxf6 7. Nxf6+ Qxf6
8. Nf3 O-O 9. Bd3 h6 10. O-O Nd7 11. Re1 c5 12. c3 b6 13. Be4 Rb8 14. Ne5 Rd8
15. Nc6 Bb7 16. Nxb8 Rxb8 17. Bxb7 Rxb7 18. dxc5 Nxc5 19. Qe2 Rd7 20. Rad1 g6
21. Rxd7 Nxd7 22. Qa6 Nc5 23. Qxa7 Qf5 24. Qxb6 Nd3 25. Rf1 Nf4 26. Qe3 Qg4 27.
Qf3 Qg5 28. h3 h5 29. a4 h4 30. a5 Nh5 31. a6 Qa5 32. Qb7 Qg5 33. a7 1-0

[Event "Titled Tue 20th May Early"]
[Site "chess.com INT"]
[Date "2025.05.20"]
[Round "5"]
[White "Velavaa Ragavesh"]
[Black "Garcia Correa, Jose Ricardo"]
[Result "1-0"]
[WhiteTitle "CM"]
[BlackTitle "FM"]
[WhiteElo "2107"]
[BlackElo "2103"]
[WhiteFideId "25738011"]
[BlackFideId "5101832"]
[EventDate "2025.05.20"]

1. b3 Nf6 2. Bb2 g6 3. Nf3 Bg7 4. g3 d6 5. Bg2 O-O 6. O-O e5 7. c4 Nc6 8. e3 Nh5
9. Nc3 f5 10. d4 e4 11. Nd2 Ne7 12. Qc2 c6 13. f3 exf3 14. Nxf3 Nf6 15. Nd2 Ng4
16. Rae1 Kh8 17. h3 Nf6 18. e4 fxe4 19. Ncxe4 Nf5 20. Qd3 d5 21. Nxf6 Bxf6 22.
Kh2 a5 23. Nf3 a4 24. Ne5 axb3 25. axb3 Ra2 26. Re2 Kg7 27. Ng4 Be7 28. Qb1 Ra8
29. Ne5 dxc4 30. Nxc4 Bf6 31. Rd2 Be6 32. g4 Qc7+ 33. Ne5 Ne3 34. Re1 Nxg2 35.
Rxg2 Bd5 36. Rge2 Bg5 37. Kg1 Qb6 38. Qd3 Qxb3 39. Qxb3 Bxb3 40. d5 Bxd5 41.
Nd7+ Kg8 42. Nxf8 Rxf8 43. Bd4 b5 44. Bc5 Rf7 45. Bd4 Bh4 46. Re8+ Rf8 47. Bc5
Rxe8 48. Rxe8+ Kf7 49. Rh8 1-0

[Event "Titled Tue 20th May Early"]
[Site "chess.com INT"]
[Date "2025.05.20"]
[Round "5"]
[White "Cumpe, Lucas"]
[Black "Vasilenok, Anton"]
[Result "0-1"]
[WhiteTitle "FM"]
[BlackTitle "CM"]
[WhiteElo "2294"]
[BlackElo "2137"]
[WhiteFideId "183920"]
[BlackFideId "34133124"]
[EventDate "2025.05.20"]

1. e4 e6 2. Nf3 d5 3. e5 c5 4. g3 Nc6 5. Bg2 f6 6. exf6 Nxf6 7. O-O Bd6 8. d3
O-O 9. c4 d4 10. Bg5 e5 11. Nbd2 Bf5 12. Ne4 Be7 13. Bxf6 gxf6 14. Nfd2 Bg6 15.
g4 Nb4 16. Nb3 Rc8 17. a3 Nc6 18. Nbxc5 Rf7 19. b4 b6 20. Nb3 Qd7 21. Nbd2 Rcf8
22. Kh1 f5 23. gxf5 Bxf5 24. Rg1 Kh8 25. Qh5 Bg6 26. Qh6 Rf4 27. Bh3 Qe8 28. Bg4
Rg8 0-1

[Event "Titled Tue 20th May Early"]
[Site "chess.com INT"]
[Date "2025.05.20"]
[Round "5"]
[White "Ezat, Mohamed"]
[Black "Mammadov, Ziya"]
[Result "1-0"]
[WhiteTitle "IM"]
[BlackTitle "CM"]
[WhiteElo "2296"]
[BlackElo "1681"]
[WhiteFideId "10600906"]
[BlackFideId "13418890"]
[EventDate "2025.05.20"]

1. d4 Nf6 2. Nf3 d6 3. c4 g6 4. g3 Bg7 5. Bg2 O-O 6. O-O Nbd7 7. Nc3 c5 8. b3 a6
9. Bb2 Qc7 10. Rc1 Rb8 11. Qd2 cxd4 12. Nxd4 Nc5 13. b4 Ne6 14. Nd5 Qd8 15. Nxe6
fxe6 16. Nf4 e5 17. Nd5 Be6 18. Rfd1 Ng4 19. Bh3 Kh8 20. f3 Bh6 21. Qd3 Bxc1 22.
Rxc1 Bxd5 23. Bxg4 Bf7 24. f4 Qc7 25. fxe5 dxe5 26. Qe3 Kg8 27. Bxe5 Qc6 28. Qh6
Qb6+ 29. c5 Qf6 30. Bxf6 exf6 31. Rd1 Rfe8 32. Rd7 Re4 33. Rxf7 Kxf7 34. Qxh7+
Ke8 1-0

[Event "Titled Tue 20th May Early"]
[Site "chess.com INT"]
[Date "2025.05.20"]
[Round "5"]
[White "Smirnov, Alexandr A."]
[Black "Piliposyan, Robert"]
[Result "1/2-1/2"]
[WhiteTitle "FM"]
[BlackTitle "IM"]
[WhiteElo "2136"]
[BlackElo "2416"]
[WhiteFideId "24104396"]
[BlackFideId "13309978"]
[EventDate "2025.05.20"]

1. e4 g6 2. d4 Bg7 3. Nc3 d6 4. Bg5 c6 5. Qd2 b5 6. a3 Bb7 7. h4 h6 8. Be3 Nd7
9. g4 Ngf6 10. f3 a5 11. Nge2 b4 12. axb4 axb4 13. Rxa8 Qxa8 14. Nd1 c5 15. c3
bxc3 16. bxc3 cxd4 17. cxd4 Nb6 18. Ng3 h5 19. g5 Nfd7 20. Bh3 Nc4 21. Qc1 Nxe3
22. Qxe3 Nb6 23. O-O O-O 24. Nf2 Qa4 25. d5 Bd4 26. Qc1 Rc8 27. Bxc8 Bxc8 28.
Qc6 Qa2 29. Qe8+ Kg7 30. Qxe7 Bh3 31. Nxh5+ gxh5 32. g6 Kxg6 33. Qg5+ Kh7 34.
Qxh5+ Kg8 35. Qg5+ Kf8 36. Qd8+ Kg7 37. Qg5+ Kh8 38. Qh6+ Kg8 39. Qg5+ Kh7 40.
Qh5+ Kg7 41. Qg5+ Kf8 42. Qd8+ Kg7 43. Qg5+ 1/2-1/2

[Event "Titled Tue 20th May Early"]
[Site "chess.com INT"]
[Date "2025.05.20"]
[Round "5"]
[White "Tsyhanchuk, Stanislav"]
[Black "Viana, Dirceu"]
[Result "1-0"]
[WhiteTitle "IM"]
[BlackTitle "FM"]
[WhiteElo "2273"]
[BlackElo "2188"]
[WhiteFideId "13505130"]
[BlackFideId "2101360"]
[EventDate "2025.05.20"]

1. e4 e5 2. Nf3 d6 3. d4 exd4 4. Nxd4 Nf6 5. Nc3 Be7 6. Bc4 O-O 7. O-O Re8 8. h3
Bf8 9. Kh1 Nbd7 10. f4 c6 11. Bd3 Nc5 12. Qf3 Qc7 13. Bd2 a5 14. a4 Qb6 15. Nde2
Nxd3 16. Qxd3 Qa6 17. Qf3 Be6 18. Nd4 Bc4 19. Rfe1 Qb6 20. Qf2 Rad8 21. b3 Be6
22. Qe3 d5 23. Nxe6 Rxe6 24. Qxb6 1-0

[Event "Titled Tue 20th May Early"]
[Site "chess.com INT"]
[Date "2025.05.20"]
[Round "5"]
[White "Puzyrevsky, Semyon"]
[Black "Logachiov, Aleksandr"]
[Result "1-0"]
[WhiteTitle "FM"]
[BlackTitle "CM"]
[WhiteElo "2253"]
[BlackElo "2129"]
[WhiteFideId "24240931"]
[BlackFideId "24123706"]
[EventDate "2025.05.20"]

1. e4 c5 2. Nf3 d6 3. d4 cxd4 4. Nxd4 Nf6 5. f3 e5 6. Nb3 d5 7. Bg5 Be6 8. exd5
Qxd5 9. Nc3 Qxd1+ 10. Rxd1 Bb4 11. Bd2 Nbd7 12. a3 Be7 13. Nb5 Rc8 14. Bc3 a6
15. Nd6+ Bxd6 16. Rxd6 Nd5 17. Na5 Nxc3 18. bxc3 Rxc3 19. Nxb7 Ke7 20. Bxa6 Rxa3
21. O-O Rb8 22. Rfd1 Rxa6 23. Rxa6 Rxb7 24. Rc6 Rb2 25. Kf2 Bf5 26. Rd2 Be6 27.
Ke3 Nb6 28. Rc7+ Kf6 29. Kf2 Nd5 30. Rc5 Nb4 31. Ke3 Na6 32. Rc3 Nb4 33. Kf2 Nd5
34. Rc6 Nb4 35. Rc5 Bf5 36. g4 Bxc2 37. Kg3 Ra2 38. Rc4 Ra4 39. Rdxc2 Kg5 40.
Rb2 1-0

[Event "Titled Tue 20th May Early"]
[Site "chess.com INT"]
[Date "2025.05.20"]
[Round "5"]
[White "Klukin, Kirill"]
[Black "Dann, Matthias"]
[Result "1-0"]
[WhiteTitle "IM"]
[BlackTitle "IM"]
[WhiteElo "2407"]
[BlackElo "2446"]
[WhiteFideId "24199273"]
[BlackFideId "24638056"]
[EventDate "2025.05.20"]

1. d4 Nf6 2. Nf3 e6 3. e3 c5 4. Bd3 b6 5. O-O Be7 6. c4 O-O 7. Nc3 Bb7 8. d5
exd5 9. cxd5 Nxd5 10. Nxd5 Bxd5 11. Bxh7+ Kxh7 12. Qxd5 Nc6 13. Rd1 Qc7 14. e4
Rad8 15. Qh5+ Kg8 16. Bg5 f6 17. Be3 Rfe8 18. Rd5 Bf8 19. Rad1 Rxe4 20. Qg6 Re6
21. Rh5 Ne5 22. Qh7+ Kf7 23. Nh4 d5 24. Bf4 Nf3+ 25. Nxf3 Qxf4 26. Rf5 Qc4 27.
Ng5+ Ke7 28. Nxe6 Qe2 29. Rf1 Kxe6 30. Qh3 Kf7 31. Rf3 d4 32. Ra3 1-0

[Event "Titled Tue 20th May Early"]
[Site "chess.com INT"]
[Date "2025.05.20"]
[Round "5"]
[White "Arslanov, Shamil"]
[Black "Mayaud, Raphael"]
[Result "1-0"]
[WhiteTitle "IM"]
[BlackTitle "CM"]
[WhiteElo "2410"]
[BlackElo "2126"]
[WhiteFideId "4192826"]
[BlackFideId "627151"]
[EventDate "2025.05.20"]

1. d4 d5 2. e4 c6 3. Nc3 dxe4 4. Bc4 Nf6 5. f3 Bf5 6. g4 Bg6 7. g5 Nd5 8. fxe4
Nxc3 9. bxc3 e6 10. Nf3 Be7 11. O-O Nd7 12. Rb1 Qc7 13. Qe2 O-O-O 14. Bd3 h6 15.
gxh6 gxh6 16. e5 Bh5 17. Kh1 Rdg8 18. Bd2 c5 19. Be4 Rg4 20. Rxb7 Qxb7 21. Bxb7+
Kxb7 22. Qb5+ Kc7 23. c4 cxd4 24. Ba5+ Kc8 25. Qc6+ Kb8 26. Bc7+ Kc8 27. Bb6+
Kb8 28. Qc7+ Ka8 29. Qxa7# 1-0

[Event "Titled Tue 20th May Early"]
[Site "chess.com INT"]
[Date "2025.05.20"]
[Round "5"]
[White "Teh, Wee Zhun"]
[Black "Mammadov, Sadig"]
[Result "0-1"]
[WhiteTitle "CM"]
[BlackTitle "IM"]
[WhiteElo "2010"]
[BlackElo "2395"]
[WhiteFideId "5707277"]
[BlackFideId "13408712"]
[EventDate "2025.05.20"]

1. d4 Nf6 2. c4 c6 3. Nc3 d5 4. e3 Nbd7 5. Nf3 e6 6. b3 Bb4 7. Bd2 O-O 8. Bd3
Re8 9. O-O dxc4 10. bxc4 e5 11. Be2 exd4 12. exd4 Nf8 13. h3 Bf5 14. Re1 Ne6 15.
d5 Nc5 16. Bf1 Qa5 17. Rxe8+ Rxe8 18. Nd4 Bxh3 19. Nb3 Bg4 20. f3 Qb6 21. Kh1
Nxb3 22. axb3 Qf2 23. fxg4 Qh4+ 24. Kg1 Bc5+ 0-1

[Event "Titled Tue 20th May Early"]
[Site "chess.com INT"]
[Date "2025.05.20"]
[Round "5"]
[White "Bayaca, Sterling"]
[Black "Popov, Tikhon"]
[Result "0-1"]
[WhiteTitle "FM"]
[BlackTitle "CM"]
[WhiteElo "2231"]
[BlackElo "2173"]
[WhiteFideId "3227790"]
[BlackFideId "24252026"]
[EventDate "2025.05.20"]

1. e4 c5 2. Nf3 e6 3. Nc3 Nc6 4. Be2 Nf6 5. O-O d5 6. exd5 exd5 7. d4 Be7 8. Bg5
Be6 9. Re1 O-O 10. a3 Rc8 11. h3 b6 12. Ba6 Rc7 13. Bf4 Rd7 14. Bb5 Qc8 15. Bxc6
Qxc6 16. Ne5 Qb7 17. Nxd7 Qxd7 18. Qd3 Rc8 19. dxc5 bxc5 20. Rad1 d4 21. Ne4
Nxe4 22. Qxe4 Bf8 23. Qf3 Bd5 24. Qg3 Qb7 25. b4 Rc6 26. Re8 Qd7 27. Rxf8+ Kxf8
28. bxc5 Rg6 29. Bd6+ Kg8 30. Rb1 h6 31. Qe5 Bxg2 32. Kh2 Qxh3+ 0-1

[Event "Titled Tue 20th May Early"]
[Site "chess.com INT"]
[Date "2025.05.20"]
[Round "5"]
[White "Lukiyanchuk, Vladislav"]
[Black "Karimova, Guldona"]
[Result "0-1"]
[BlackTitle "WIM"]
[WhiteElo "2299"]
[BlackElo "2265"]
[WhiteFideId "14127113"]
[BlackFideId "14210410"]
[EventDate "2025.05.20"]

1. Nf3 f5 2. Nc3 Nf6 3. d4 g6 4. Bf4 Bg7 5. Qd2 d6 6. Bh6 O-O 7. Bxg7 Kxg7 8.
O-O-O c6 9. h4 h6 10. e3 Nbd7 11. Bd3 e5 12. e4 f4 13. g3 fxg3 14. fxg3 Nh5 15.
Qg2 Qe7 16. Rhf1 Ndf6 17. Rde1 Ng4 18. Nh2 exd4 19. Rxf8 Qxf8 20. Ne2 Ne3 21.
Qg1 c5 22. c3 c4 23. cxd4 cxd3 0-1

[Event "Titled Tue 20th May Early"]
[Site "chess.com INT"]
[Date "2025.05.20"]
[Round "5"]
[White "Shandrygin, Nikita"]
[Black "King, Alexander"]
[Result "1-0"]
[WhiteTitle "FM"]
[BlackTitle "FM"]
[WhiteElo "2209"]
[BlackElo "2263"]
[WhiteFideId "24198668"]
[BlackFideId "2063620"]
[EventDate "2025.05.20"]

1. e4 e6 2. d4 d5 3. Nd2 c5 4. exd5 exd5 5. Ngf3 Nc6 6. Bb5 Qe7+ 7. Qe2 Qxe2+ 8.
Bxe2 Bf5 9. c3 cxd4 10. Nxd4 Nxd4 11. cxd4 Ne7 12. O-O Nc6 13. Nf3 Be7 14. a3
Bf6 15. Be3 O-O 16. Rac1 Rfe8 17. Bb5 Bd7 18. Rc5 a6 19. Ba4 Red8 20. Rxd5 Bg4
21. Bxc6 bxc6 22. Rxd8+ Rxd8 23. Ne5 Bxe5 24. dxe5 Be2 25. Re1 Rd1 26. Rxd1 Bxd1
27. f3 Kf8 28. Kf2 Ke7 29. Bd4 a5 30. Ke3 Ba4 31. Bc3 Ke6 32. Bxa5 Kxe5 33. Bc3+
Kd5 34. Bxg7 Bc2 35. Bc3 Ba4 36. Kf4 Ke6 37. Kg5 Bc2 38. g4 Ke7 39. f4 Ke6 40.
h4 f5 41. gxf5+ Bxf5 42. a4 Kf7 43. Kxf5 1-0

[Event "Titled Tue 20th May Early"]
[Site "chess.com INT"]
[Date "2025.05.20"]
[Round "5"]
[White "Boramanikar, Tanisha S"]
[Black "Marchesich, Giovanni"]
[Result "0-1"]
[WhiteTitle "WCM"]
[BlackTitle "CM"]
[WhiteElo "1743"]
[BlackElo "2219"]
[WhiteFideId "35023454"]
[BlackFideId "2824790"]
[EventDate "2025.05.20"]

1. d4 f6 2. Bf4 g6 3. Nc3 Nh6 4. Qd2 Nf7 5. Nf3 Bg7 6. e4 O-O 7. h4 d6 8. h5 g5
9. Be3 h6 10. Bd3 e5 11. dxe5 fxe5 12. O-O-O Nc6 13. Bc4 Qe7 14. a3 Bg4 15. Nd5
Qd8 16. Kb1 Nd4 17. Bxd4 exd4 18. Rde1 c6 19. Nb4 a5 20. Nd3 b5 21. Ba2 Kh8 22.
Nh2 Bd7 23. f4 gxf4 24. Nxf4 Ne5 25. Nf3 Kh7 26. Ng6 Rxf3 27. gxf3 Nxf3 28. Qd3
Nxe1 29. Rxe1 Qg5 30. e5 Bf5 31. Qf3 dxe5 32. Bf7 e4 33. Qf2 e3 34. Qh2 d3 35.
Rg1 dxc2+ 36. Ka1 Qf6 37. Ne5 Qxe5 38. Bg6+ Bxg6 39. hxg6+ Kh8 40. Qxc2 e2 41.
Re1 Rd8 42. Qxe2 Rd1+ 0-1

[Event "Titled Tue 20th May Early"]
[Site "chess.com INT"]
[Date "2025.05.20"]
[Round "5"]
[White "Dambaev, Dashi"]
[Black "Chelly, Yahya"]
[Result "1-0"]
[WhiteTitle "CM"]
[BlackTitle "CM"]
[WhiteElo "2211"]
[BlackElo "2039"]
[WhiteFideId "55628494"]
[BlackFideId "5516200"]
[EventDate "2025.05.20"]

1. e4 c6 2. d4 d5 3. e5 Bf5 4. Nf3 e6 5. Be2 c5 6. O-O Nc6 7. c3 Qb6 8. dxc5
Bxc5 9. b4 Be7 10. Be3 Qc7 11. b5 Na5 12. Nbd2 h5 13. Qa4 b6 14. Rac1 Qb7 15.
Nd4 Bg6 16. c4 Nxc4 17. Rxc4 dxc4 18. Bf3 Qc8 19. Bc6+ Kf8 20. Bxa8 Qxa8 21.
Nxc4 Nh6 22. Nxb6 Qb7 23. Nc4 Nf5 24. Nxf5 Bxf5 25. Qxa7 Qxa7 26. Bxa7 Bd3 27.
Rc1 Bg5 28. Rc3 Bh7 29. b6 Be4 30. Nd6 Bd5 31. Rc8+ 1-0

[Event "Titled Tue 20th May Early"]
[Site "chess.com INT"]
[Date "2025.05.20"]
[Round "5"]
[White "Wagh, Suyog"]
[Black "Jovic, Stanoje"]
[Result "1-0"]
[WhiteTitle "FM"]
[BlackTitle "FM"]
[WhiteElo "2319"]
[BlackElo "2096"]
[WhiteFideId "25071688"]
[BlackFideId "905020"]
[EventDate "2025.05.20"]

1. e4 c6 2. d4 d5 3. Nc3 dxe4 4. Nxe4 Nf6 5. Nxf6+ exf6 6. c3 Bd6 7. Bd3 O-O 8.
Qc2 h6 9. Ne2 Qc7 10. h3 c5 11. dxc5 Bxc5 12. Bf4 Qb6 13. O-O a5 14. Ng3 Nc6 15.
Ne4 Ne5 16. Nxc5 Qxc5 17. Be4 g5 18. Be3 Qc7 19. Rad1 Be6 20. f4 Nc6 21. Qe2
Rfe8 22. fxg5 fxg5 23. Qh5 Kg7 24. Bxc6 bxc6 25. Bd4+ Kh7 26. Rf6 1-0